000 00290nam a2200121Ia 4500
100 _aRadhakrishnan /M/ Balasubramania
942 _cBK
654 _acomputer
245 _aComputer Installation & Troubleshooting
260 _bISTE Learning Materials
546 _aENGLISH
999 _c23969
_d23969